000 02463cam a2200409 a 4500
001 15598444
003 OSt
005 20150408114040.0
008 090126s2010 enka b 001 0 eng
010 _a 2009002265
020 _a9780415471824 (hardback : alk. paper)
020 _a0415471826 (hardback : alk. paper)
020 _a9780415471831 (pbk. : alk. paper)
020 _a0415471834 (pbk. : alk. paper)
020 _a9780203874134 (ebook)
020 _a0203874137 (ebook)
035 _a(OCoLC)ocn244057390
040 _aDLC
_cDLC
_dBTCTA
_dBAKER
_dYDXCP
_dBWKUK
_dBWK
_dBWX
_dNLGGC
_dALAUL
_dDLC
050 0 0 _aB809.2
_b.B69 2010
082 0 0 _a160
_222
100 1 _aBowell, Tracy,
_d1965-
_915198
245 1 0 _aCritical thinking :
_ba concise guide /
_cTracy Bowell and Gary Kemp.
250 _a3rd ed.
260 _aLondon ;
_aNew York :
_bRoutledge,
_c2010.
300 _ax, 294 p. :
_bill. ;
_c26 cm.
500 _aIncludes glossary.
504 _aIncludes bibliographical references and index.
505 0 _aPreface to the first edition -- Preface to the second edition -- Preface to the third edition -- Introduction and preview -- Introducing arguments -- Linguistic phenomena and rhetorical ploys -- Logic: deductive validity -- Logic: inductive force -- The practice of argument-reconstruction -- Issues in argument assessment -- Pseudo-reasoning -- Truth knowledge and belief.
520 _aCritical thinking: a concise guide is a much-needed guide to argument analysis and a clear introduction to thinking clearly and rationally for oneself. Through precise and accessible discussion this book equips students with the essential skills required to tell a good argument from a bad one. This third edition has been revised and updated throughout, with new exercises, and up-to-date topical examples, including: "real-world" arguments; practical reasoning; understanding quantitative data, statistics, and the rhetoric used about them; scientific reasoning; and expanded discussion of conditionals, ambiguity, vagueness, slippery slope arguments, and arguments by analogy.
650 0 _aCritical thinking.
650 0 _aCritical thinking
_xStudy and teaching.
_94246
650 0 _aLanguage and logic.
_98637
650 0 _aReasoning.
_915199
700 1 _aKemp, Gary,
_d1960 Oct. 15-
_915200
942 _2ddc
_cBOOK
999 _c23797
_d258297